000 00956cam a22003133a 4500
001 8446
003 PGUSA
005 20140828083156.0
008 050701s2005||||xxu|||||s|||||000 1 eng d
040 _aPGUSA
_beng
042 _adc
050 4 _aPS
100 1 _aCummings, E. E.
_q(Edward Estlin),
_d1894-1962
245 1 4 _aThe Enormous Room
_h[electronic resource] /
_cE. E. Cummings
260 _bProject Gutenberg,
_c2005
506 _aPublic domain in the USA.
516 _aElectronic text
653 _aAmericans -- France -- Fiction
653 _aWorld War, 1914-1918 -- France -- Fiction
653 _aAutobiographical fiction
653 _aConcentration camp inmates -- Fiction
653 _aConcentration camps -- Fiction
653 _aAmbulance drivers -- Fiction
653 _aFrance -- Fiction
653 _aWar stories
830 0 _aProject Gutenberg
_v8446
856 4 0 _uhttp://www.gutenberg.org/ebooks/8446
942 _cEB
999 _c237746
_d237746